La France dans la Deuxième Guerre mondiale : 1939-1945 (notice n° 2083542)
[ vue normale ]
| 000 -LEADER | |
|---|---|
| fixed length control field | 00896cam a2200133 4500500 |
| 005 - DATE AND TIME OF LATEST TRANSACTION | |
| control field | 20260405005419.0 |
| 041 ## - LANGUAGE CODE | |
| Language code of text/sound track or separate title | fre |
| 042 ## - AUTHENTICATION CODE | |
| Authentication code | dc |
| 100 10 - MAIN ENTRY--PERSONAL NAME | |
| Personal name | Durand, Yves |
| Relator term | author |
| 245 00 - TITLE STATEMENT | |
| Title | La France dans la Deuxième Guerre mondiale : 1939-1945 |
| 260 ## - PUBLICATION, DISTRIBUTION, ETC. | |
| Name of publisher, distributor, etc. | Armand Colin,<br/> |
| Date of publication, distribution, etc. | 2011.<br/> |
| 520 ## - SUMMARY, ETC. | |
| Summary, etc. | Yves Durand est professeur d'histoire contemporaine honoraire.1. La "drôle de guerre" et la "débâcle"2. Vichy : Etat français et révolution nationale3. Occupation et collaboration4. Les Français, Vichy, l'occupant5. Opposants, réprouvés, persécutés, résistants6. Le tournant 1942-19437. 1944, l'année de la Libération8. La fin de la guerre : septembre 1944-8 mai 19459. Soixante-dix ans d'études sur la France dans la Deuxième Guerre mondiale |
| 856 41 - ELECTRONIC LOCATION AND ACCESS | |
| Uniform Resource Identifier | <a href="https://shs.cairn.info/la-france-dans-la-deuxieme-guerre-mondiale--9782200248987?lang=fr&redirect-ssocas=7080">https://shs.cairn.info/la-france-dans-la-deuxieme-guerre-mondiale--9782200248987?lang=fr&redirect-ssocas=7080</a> |
Pas d'exemplaire disponible.




Réseaux sociaux